Click 1990's Song Title Endings - Statistics

General Stats
  • This quiz has been taken 158 times
  • The average score is 14 of 15
Answer Stats
Hint Answer % Correct
I Will Always Love You
99%
My Heart Will Go On
98%
Smells Like Teen Spirit
98%
Baby One More Time
98%
Black or White
98%
Gangsta's Paradise
97%
Killing Me Softly
97%
U Can't Touch This
97%
The World I Know
96%
Bed of Roses
96%
I Want It That Way
96%
Tears In Heaven
95%
Ray of Light
93%
Counting Blue Cars
92%
End Of The Road
91%
No matching quizzes found
Score Distribution
Percent of People with Each Score
Percentile by Number Answered
Your Score History
You have not taken this quiz